[Event "38. Open Ciutat de Badalona 2012"]
[Site "Badalona ESP"]
[Date "2012.08.03"]
[Round "3.2"]
[White "Ruiz Sanchez, Orlen"]
[Black "Lalith, Babu M R"]
[Result "1/2-1/2"]
[WhiteElo "2418"]
[BlackElo "2515"]
[PlyCount "140"]
[EventDate "2012.08.01"]
[EventType "swiss"]
[EventRounds "9"]
[EventCountry "ESP"]
[SourceTitle "Ajedrez en Madrid"]
[Source "lmi"]
[SourceDate "2012.08.01"]
[SourceVersion "1"]
[SourceVersionDate "2018.07.18"]
[SourceQuality "1"]

1. e4 c6 2. d4 d5 3. e5 Bf5 4. Nf3 e6 5. Be2 Nd7 6. O-O Bg6 7. Nbd2 Nh6 8. Nb3
Nf5 9. Bd2 Rc8 10. Rc1 Bh5 11. h3 Bxf3 12. Bxf3 c5 13. c4 dxc4 14. Rxc4 b5 15.
Ba5 Nb6 16. Rc1 c4 17. Bb7 Rc7 18. Qf3 Qd7 19. Ba6 Be7 20. Nc5 Nxd4 21. Nxd7
Nxf3+ 22. gxf3 Kxd7 23. Bxb5+ Kc8 24. Bxc4 Rd8 25. Ba6+ Kb8 26. Rxc7 Kxc7 27.
Rc1+ Kb8 28. Rc6 Rd7 29. Kg2 Rc7 30. Rxc7 Kxc7 31. Bb5 Kd8 32. f4 Bc5 33. Kf3
Ke7 34. Bd2 Nd5 35. Bc4 Nb6 36. Bd3 Nd5 37. Be4 Bd4 38. Bxd5 exd5 39. Be3 Bxb2
40. Bxa7 g6 41. a4 Kd7 42. Ke2 Bc3 43. Kd3 Be1 44. Be3 Kc6 45. f3 Bb4 46. Bd2
Bc5 47. a5 Kb5 48. Be3 Bb4 49. a6 Kxa6 50. Kd4 Kb7 51. Kxd5 Kc7 52. e6 Kd8 53.
exf7 Ke7 54. f8=Q+ Kxf8 55. Ke6 Be1 56. Bd4 Kg8 57. Bf6 Bd2 58. Bg5 Be3 59. h4
Bf2 60. h5 Be1 61. hxg6 hxg6 62. Kf6 Kh7 63. f5 gxf5 64. Kxf5 Kg7 65. Ke6 Bg3
66. Bf6+ Kg8 67. Be5 Bf2 68. f4 Bg3 69. f5 Bxe5 70. Kxe5 Kf7 1/2-1/2

[Event "38. Open Ciutat de Badalona 2012"]
[Site "Badalona ESP"]
[Date "2012.08.03"]
[Round "3.4"]
[White "Arenas, David"]
[Black "Obregon Rivero, Juan Carlos"]
[Result "1/2-1/2"]
[WhiteElo "2406"]
[BlackElo "2497"]
[PlyCount "95"]
[EventDate "2012.08.01"]
[EventType "swiss"]
[EventRounds "9"]
[EventCountry "ESP"]
[SourceTitle "Ajedrez en Madrid"]
[Source "lmi"]
[SourceDate "2012.08.01"]
[SourceVersion "1"]
[SourceVersionDate "2018.07.18"]
[SourceQuality "1"]

1. e4 c5 2. Nf3 Nc6 3. d4 cxd4 4. Nxd4 g6 5. Nc3 Bg7 6. Be3 Nf6 7. Bc4 O-O 8.
Bb3 d6 9. f3 Bd7 10. h4 Qa5 11. Qd2 Rfc8 12. O-O-O Ne5 13. Kb1 Nc4 14. Bxc4
Rxc4 15. Nb3 Qc7 16. g4 Rc8 17. e5 Ne8 18. Nd5 Qd8 19. exd6 Nxd6 20. c3 Nb5 21.
Bh6 Bxh6 22. Qxh6 Qf8 23. Qg5 Re8 24. h5 h6 25. Qe5 g5 26. Ne3 Rc7 27. Rxd7
Nxc3+ 28. bxc3 Rxd7 29. Qe4 f6 30. Nc5 f5 31. Qc2 a5 32. Ka1 e6 33. Nb3 a4 34.
Nd4 Qc5 35. gxf5 exf5 36. Nexf5 a3 37. Rc1 Kh8 38. Nb3 Qe5 39. Nfd4 Qf6 40. Qd2
Qf4 41. Re1 Rg8 42. Qe2 g4 43. fxg4 Qxg4 44. Qe5+ Qg7 45. Qc5 Qg3 46. Rc1 Qd6
47. Qf5 Qf6 48. Qc2 1/2-1/2

[Event "38. Open Ciutat de Badalona 2012"]
[Site "Badalona ESP"]
[Date "2012.08.03"]
[Round "3.6"]
[White "Ynojosa, Felix Jose"]
[Black "Jimenez Fraga, Pedro Alejandro"]
[Result "0-1"]
[WhiteElo "2374"]
[BlackElo "2446"]
[PlyCount "86"]
[EventDate "2012.08.01"]
[EventType "swiss"]
[EventRounds "9"]
[EventCountry "ESP"]
[SourceTitle "Ajedrez en Madrid"]
[Source "lmi"]
[SourceDate "2012.08.01"]
[SourceVersion "1"]
[SourceVersionDate "2018.07.18"]
[SourceQuality "1"]

1. e4 e5 2. Nf3 Nc6 3. Bc4 Bc5 4. Nc3 d6 5. d3 Be6 6. Na4 Bxc4 7. dxc4 Nf6 8.
Nxc5 dxc5 9. Qxd8+ Rxd8 10. Bg5 Nb4 11. Rc1 Nxa2 12. Ra1 Nb4 13. Rxa7 Nxc2+ 14.
Ke2 Rb8 15. Nxe5 Nxe4 16. Bh4 Nd6 17. Kd2 Nd4 18. Re1 Ne6 19. Kc3 g5 20. Bg3
Nf5 21. Nd3 Nxg3 22. hxg3 O-O 23. Re5 b6 24. f4 Ra8 25. Rxa8 Rxa8 26. f5 Nd4
27. g4 Nc6 28. Rd5 Re8 29. Rd7 Re7 30. Rxe7 Nxe7 31. b4 cxb4+ 32. Nxb4 f6 33.
Na6 c6 34. c5 bxc5 35. Nxc5 Nd5+ 36. Kd2 Kf7 37. g3 Ke7 38. Kd3 Nb6 39. Kd4 Nd7
40. Nb7 Ne5 41. Kc5 Kd7 42. Na5 h6 43. Nc4 Nd3+ 0-1

[Event "38. Open Ciutat de Badalona 2012"]
[Site "Badalona ESP"]
[Date "2012.08.03"]
[Round "3.7"]
[White "Panelo, Marcelo"]
[Black "Kiewra, Keaton F"]
[Result "1/2-1/2"]
[WhiteElo "2444"]
[BlackElo "2364"]
[PlyCount "87"]
[EventDate "2012.08.01"]
[EventType "swiss"]
[EventRounds "9"]
[EventCountry "ESP"]
[SourceTitle "Ajedrez en Madrid"]
[Source "lmi"]
[SourceDate "2012.08.01"]
[SourceVersion "1"]
[SourceVersionDate "2018.07.18"]
[SourceQuality "1"]

1. Nf3 Nf6 2. c4 g6 3. Nc3 Bg7 4. e4 O-O 5. d4 c6 6. Bd3 d6 7. O-O Bg4 8. Be2
a6 9. h3 Bxf3 10. Bxf3 Nfd7 11. Be3 c5 12. dxc5 Nxc5 13. Bd4 Bxd4 14. Qxd4 Nc6
15. Qe3 e5 16. Rad1 Nd4 17. Bg4 Nce6 18. Bxe6 fxe6 19. Ne2 Nxe2+ 20. Qxe2 Qb6
21. b3 a5 22. Rd3 Qc5 23. Rfd1 Ra6 24. Rf3 Raa8 25. Rfd3 Ra6 26. a4 Rc6 27.
R1d2 Kg7 28. h4 Rf4 29. g3 Rf7 30. Qg4 Rf6 31. Kg2 h6 32. Qd1 Rf7 33. Qg4 Rf6
34. h5 g5 35. Rf3 Rc7 36. Rxf6 Kxf6 37. Rd3 Rf7 38. Qd1 Rd7 39. Qd2 Kg7 40. Qe2
b6 41. f3 Re7 42. Qd2 Rd7 43. Qe2 Re7 44. Qd2 1/2-1/2

[Event "38. Open Ciutat de Badalona 2012"]
[Site "Badalona ESP"]
[Date "2012.08.03"]
[Round "3.9"]
[White "Laxman, R R."]
[Black "Hernando Rodrigo, Julio A"]
[Result "1-0"]
[WhiteElo "2428"]
[BlackElo "2311"]
[PlyCount "120"]
[EventDate "2012.08.01"]
[EventType "swiss"]
[EventRounds "9"]
[EventCountry "ESP"]
[SourceTitle "Ajedrez en Madrid"]
[Source "lmi"]
[SourceDate "2012.08.01"]
[SourceVersion "1"]
[SourceVersionDate "2018.07.18"]
[SourceQuality "1"]

1. Nf3 Nf6 2. c4 b6 3. g3 Bb7 4. Bg2 e6 5. O-O Be7 6. Nc3 O-O 7. Re1 d5 8. cxd5
Nxd5 9. e4 Nxc3 10. bxc3 c5 11. d4 cxd4 12. cxd4 Nc6 13. h4 Rc8 14. a3 Na5 15.
h5 Rc3 16. h6 g6 17. Bd2 Rxa3 18. d5 Rxa1 19. Qxa1 Bf6 20. Bc3 Bxc3 21. Qxc3 f6
22. Nd4 e5 23. Ne6 Qc8 24. Qxc8 Rxc8 25. Rd1 Rb8 26. Bh3 b5 27. Ra1 Nc4 28.
Rxa7 Nd6 29. Nc5 Kf7 30. Kf1 b4 31. Be6+ Ke7 32. Ke2 b3 33. Kd3 f5 34. f3 Kd8
35. Nxb3 fxe4+ 36. fxe4 Kc7 37. Nd2 Rf8 38. Ke3 Nb5 39. Ra1 Nd4 40. Rc1+ Kd8
41. Bh3 Ba6 42. Bf1 Bc8 43. Be2 g5 44. Nf3 Nxf3 45. Bxf3 Rf6 46. Rh1 Ra6 47.
Be2 Ra3+ 48. Bd3 Ke7 49. Rc1 Ba6 50. Rd1 Kf7 51. Kd2 Ra2+ 52. Ke3 Ra3 53. Kd2
Kg6 54. Ke2 Bc8 55. Rd2 Bg4+ 56. Ke3 Kxh6 57. Rc2 Rb3 58. Rc6+ Kh5 59. Rc1 Bh3
60. Rh1 Kg4 1-0

[Event "38. Open Ciutat de Badalona 2012"]
[Site "Badalona ESP"]
[Date "2012.08.03"]
[Round "3.10"]
[White "Buchenau, Frank"]
[Black "Rojas Keim, Luis"]
[Result "0-1"]
[WhiteElo "2299"]
[BlackElo "2426"]
[PlyCount "58"]
[EventDate "2012.08.01"]
[EventType "swiss"]
[EventRounds "9"]
[EventCountry "ESP"]
[SourceTitle "Ajedrez en Madrid"]
[Source "lmi"]
[SourceDate "2012.08.01"]
[SourceVersion "1"]
[SourceVersionDate "2018.07.18"]
[SourceQuality "1"]

1. c4 Nf6 2. g3 e5 3. Bg2 c6 4. d4 exd4 5. Qxd4 d5 6. cxd5 cxd5 7. Bg5 Be7 8.
Nc3 Nc6 9. Qa4 d4 10. Rd1 Bd7 11. Bxf6 Bxf6 12. Nd5 O-O 13. Nf3 Re8 14. Nxf6+
Qxf6 15. Nxd4 Nxd4 16. Qxd4 Bb5 17. e3 Qa6 18. a4 Qa5+ 19. Rd2 Ba6 20. f4 Rad8
21. Bd5 b5 22. Kf2 bxa4 23. Rc1 Rd7 24. Rc5 Qb6 25. Qxa4 Qxc5 26. Bxf7+ Kf8 27.
Rxd7 Qxe3+ 28. Kg2 Bf1+ 29. Kxf1 Qf3+ 0-1

[Event "38. Open Ciutat de Badalona 2012"]
[Site "Badalona ESP"]
[Date "2012.08.04"]
[Round "4.2"]
[White "Jimenez Fraga, Pedro Alejandro"]
[Black "Laxman, R R."]
[Result "1-0"]
[WhiteElo "2446"]
[BlackElo "2428"]
[PlyCount "125"]
[EventDate "2012.08.01"]
[EventType "swiss"]
[EventRounds "9"]
[EventCountry "ESP"]
[SourceTitle "Ajedrez en Madrid"]
[Source "lmi"]
[SourceDate "2012.08.01"]
[SourceVersion "1"]
[SourceVersionDate "2018.07.18"]
[SourceQuality "1"]

1. e4 e5 2. Nf3 Nc6 3. Bb5 a6 4. Ba4 Nf6 5. O-O Be7 6. Re1 b5 7. Bb3 O-O 8. c3
d6 9. a4 b4 10. d4 bxc3 11. dxe5 Nxe5 12. Nxe5 dxe5 13. bxc3 Qxd1 14. Bxd1 Rd8
15. Ba3 Kf8 16. Bxe7+ Kxe7 17. Na3 Be6 18. Be2 Nd7 19. a5 Nc5 20. Nc2 Rd6 21.
Nb4 Rad8 22. f3 h5 23. f4 f6 24. fxe5 fxe5 25. Bxh5 Bc4 26. Re3 g6 27. Bg4 c6
28. Rae1 Nd3 29. Rb1 Nxb4 30. Rxb4 Bb5 31. Be2 Rd2 32. c4 R8d4 33. h4 Rc2 34.
Kh2 Bxc4 35. Rb7+ Kf6 36. Bg4 Rd3 37. Re2 Rdd2 38. Rxd2 Rxd2 39. Rb6 Bf1 40.
Rxc6+ Kf7 41. Bf3 Ra2 42. Kg3 Bb5 43. Rb6 Rxa5 44. Kg4 Be8 45. Kg5 Ke7 46. g4
Ra3 47. Be2 Re3 48. Bxa6 Rxe4 49. Bd3 Rf4 50. Bxg6 Bd7 51. Bf5 Bxf5 52. gxf5
Rf1 53. Rb7+ Kd6 54. Rb8 Ke7 55. f6+ Ke6 56. Re8+ Kd5 57. h5 e4 58. h6 Rg1+ 59.
Kf5 Rf1+ 60. Kg6 Rg1+ 61. Kf7 Rh1 62. Kg7 Rg1+ 63. Kf8 1-0

[Event "38. Open Ciutat de Badalona 2012"]
[Site "Badalona ESP"]
[Date "2012.08.04"]
[Round "4.3"]
[White "Roy Chowdhury, Saptarshi"]
[Black "Cordova, Emilio"]
[Result "1/2-1/2"]
[WhiteElo "2391"]
[BlackElo "2572"]
[PlyCount "85"]
[EventDate "2012.08.01"]
[EventType "swiss"]
[EventRounds "9"]
[EventCountry "ESP"]
[SourceTitle "Ajedrez en Madrid"]
[Source "lmi"]
[SourceDate "2012.08.01"]
[SourceVersion "1"]
[SourceVersionDate "2018.07.18"]
[SourceQuality "1"]

1. e4 e6 2. d4 d5 3. e5 c5 4. c3 Nc6 5. Nf3 Qb6 6. a3 Bd7 7. b4 cxd4 8. cxd4
Rc8 9. Bb2 Nh6 10. Nc3 Na5 11. Na4 Qc6 12. bxa5 Qxa4 13. Qxa4 Bxa4 14. Bd3 Be7
15. Kd2 a6 16. Bc3 f6 17. Rab1 Bc6 18. Bb4 Bd8 19. h3 Nf7 20. Rhe1 Kd7 21. Re2
Bc7 22. Rbe1 Rce8 23. Kc2 Ba4+ 24. Kb2 Nd8 25. Rc1 Nc6 26. Bd2 Bd8 27. g4 Nxa5
28. exf6 gxf6 29. Bxa5 Bxa5 30. g5 fxg5 31. Nxg5 Bb6 32. Nxe6 Kd6 33. Nc5 Rxe2+
34. Bxe2 Bxc5 35. dxc5+ Ke5 36. Kc3 Rf8 37. Re1 Kf4 38. Bd3 h5 39. Re3 Rg8 40.
Kd4 Rg2 41. Re5 Rxf2 42. Rxh5 Ra2 43. Rxd5 1/2-1/2

[Event "38. Open Ciutat de Badalona 2012"]
[Site "Badalona ESP"]
[Date "2012.08.04"]
[Round "4.5"]
[White "Kiewra, Keaton F"]
[Black "Hernandez, Carmenate Holden"]
[Result "1-0"]
[WhiteElo "2364"]
[BlackElo "2566"]
[PlyCount "61"]
[EventDate "2012.08.01"]
[EventType "swiss"]
[EventRounds "9"]
[EventCountry "ESP"]
[SourceTitle "Ajedrez en Madrid"]
[Source "lmi"]
[SourceDate "2012.08.01"]
[SourceVersion "1"]
[SourceVersionDate "2018.07.18"]
[SourceQuality "1"]

1. d4 Nf6 2. c4 c6 3. Nc3 d5 4. cxd5 cxd5 5. Nf3 a6 6. Bf4 Nc6 7. e3 Bg4 8. Be2
e6 9. Ne5 Bxe2 10. Qxe2 Nxe5 11. Bxe5 Bb4 12. O-O O-O 13. Bxf6 Qxf6 14. Rac1
Rad8 15. Qd3 Qe7 16. Rc2 f5 17. Ne2 Bd6 18. f4 h6 19. Nc1 g5 20. Qe2 Qf6 21.
Nd3 gxf4 22. Nxf4 Kh7 23. Qf2 Rg8 24. Rfc1 Rd7 25. Rc8 Rg4 26. h3 Rg5 27. Re8
Bxf4 28. exf4 Rxg2+ 29. Qxg2 Rg7 30. Rc7 Qxd4+ 31. Kh1 1-0

[Event "38. Open Ciutat de Badalona 2012"]
[Site "Badalona ESP"]
[Date "2012.08.04"]
[Round "4.6"]
[White "Lalith, Babu M R"]
[Black "Arenas, David"]
[Result "1-0"]
[WhiteElo "2515"]
[BlackElo "2406"]
[PlyCount "95"]
[EventDate "2012.08.01"]
[EventType "swiss"]
[EventRounds "9"]
[EventCountry "ESP"]
[SourceTitle "Ajedrez en Madrid"]
[Source "lmi"]
[SourceDate "2012.08.01"]
[SourceVersion "1"]
[SourceVersionDate "2018.07.18"]
[SourceQuality "1"]

1. d4 Nf6 2. c4 e6 3. Nf3 b6 4. g3 Bb7 5. Bg2 Be7 6. O-O O-O 7. Nc3 Ne4 8. Qc2
f5 9. Rd1 Bf6 10. d5 Bxc3 11. bxc3 Qf6 12. Nd4 exd5 13. cxd5 c5 14. dxc6 Nxc6
15. Nb5 Ne5 16. Ba3 Rfc8 17. Qb3+ d5 18. Bxe4 fxe4 19. Nd6 Rf8 20. Nxe4 Qf7 21.
Bxf8 Rxf8 22. f4 Ng4 23. Nf2 Ne3 24. Rd3 Qe6 25. Rd4 Re8 26. Qa4 a6 27. Qb3 Kf8
28. Rb1 b5 29. a4 Nf5 30. Rd2 Qe3 31. Qc2 Nxg3 32. hxg3 Qxg3+ 33. Kf1 d4 34.
Rxd4 Qg2+ 35. Ke1 Qg1+ 36. Kd2 Qxf2 37. Qd3 Bc6 38. axb5 Bxb5 39. Re4 Rc8 40.
Qe3 Qxe3+ 41. Rxe3 h6 42. Re4 Rd8+ 43. Kc2 Ba4+ 44. Kb2 Rd2+ 45. Ka3 Bb5 46. c4
Bd7 47. Rb2 Rd6 48. Kb4 1-0

[Event "38. Open Ciutat de Badalona 2012"]
[Site "Badalona ESP"]
[Date "2012.08.04"]
[Round "4.7"]
[White "Obregon Rivero, Juan Carlos"]
[Black "Ruiz Sanchez, Orlen"]
[Result "1-0"]
[WhiteElo "2497"]
[BlackElo "2418"]
[PlyCount "89"]
[EventDate "2012.08.01"]
[EventType "swiss"]
[EventRounds "9"]
[EventCountry "ESP"]
[SourceTitle "Ajedrez en Madrid"]
[Source "lmi"]
[SourceDate "2012.08.01"]
[SourceVersion "1"]
[SourceVersionDate "2018.07.18"]
[SourceQuality "1"]

1. e4 c5 2. Nf3 d6 3. d4 cxd4 4. Nxd4 Nf6 5. Nc3 a6 6. Be2 e5 7. Nb3 Be7 8. O-O
O-O 9. Be3 Be6 10. Qd2 Nbd7 11. a4 Rc8 12. a5 Qc7 13. Rfc1 Qc6 14. Bf3 Rfe8 15.
Nd5 Bxd5 16. exd5 Qc4 17. Qd1 Qb5 18. Qd3 Qb4 19. Bd2 Qh4 20. g3 Qh3 21. Bg2
Qh5 22. f3 e4 23. fxe4 Ne5 24. Qf1 Nc4 25. Bf3 Qg6 26. Ra4 Nxd2 27. Nxd2 Nd7
28. Nc4 Nc5 29. Rb4 Nxe4 30. Rxb7 Nxg3 31. hxg3 Qxg3+ 32. Bg2 Rxc4 33. Qxc4
Qe3+ 34. Kh2 Qh6+ 35. Bh3 Qd2+ 36. Bg2 Qh6+ 37. Kg3 Qe3+ 38. Bf3 g5 39. Rh1
Qe5+ 40. Kg2 f5 41. Rh5 Qf6 42. Qxa6 Kg7 43. Qd3 Qg6 44. Rh3 g4 45. Bxg4 1-0

[Event "38. Open Ciutat de Badalona 2012"]
[Site "Badalona ESP"]
[Date "2012.08.04"]
[Round "4.8"]
[White "Cruz, Filemon"]
[Black "Panelo, Marcelo"]
[Result "0-1"]
[WhiteElo "2410"]
[BlackElo "2444"]
[PlyCount "83"]
[EventDate "2012.08.01"]
[EventType "swiss"]
[EventRounds "9"]
[EventCountry "ESP"]
[SourceTitle "Ajedrez en Madrid"]
[Source "lmi"]
[SourceDate "2012.08.01"]
[SourceVersion "1"]
[SourceVersionDate "2018.07.18"]
[SourceQuality "1"]

1. Nf3 Nf6 2. c4 e6 3. b3 d5 4. e3 c5 5. Bb2 Nc6 6. Be2 d4 7. exd4 cxd4 8. d3
e5 9. O-O Bd6 10. Na3 O-O 11. Nc2 Re8 12. a3 a6 13. Re1 b5 14. Nd2 Bf5 15. b4
Rc8 16. c5 Bb8 17. Nf1 Nd5 18. Ng3 Bg6 19. Bg4 Rc7 20. Nf5 h5 21. Bh3 Nf4 22.
Nd6 Nxh3+ 23. gxh3 Re6 24. a4 Rd7 25. axb5 axb5 26. Ra6 Na7 27. f4 Bxd6 28.
cxd6 Bf5 29. Qf3 Qc8 30. fxe5 Rg6+ 31. Kf2 Qxc2+ 32. Re2 Qb1 33. Ra1 Qxd3 34.
Qxd3 Bxd3 35. Rd2 Bc4 36. Bxd4 Nc6 37. Bc3 f6 38. exf6 gxf6 39. Ra8+ Kf7 40.
Rh8 Rg5 41. Ke3 Rd5 42. Rh6 0-1

[Event "38. Open Ciutat de Badalona 2012"]
[Site "Badalona ESP"]
[Date "2012.08.04"]
[Round "4.9"]
[White "Lorenzo De La Riva, Lazaro"]
[Black "Pogorelov, Ruslan"]
[Result "1/2-1/2"]
[WhiteElo "2444"]
[BlackElo "2405"]
[PlyCount "37"]
[EventDate "2012.08.01"]
[EventType "swiss"]
[EventRounds "9"]
[EventCountry "ESP"]
[SourceTitle "Ajedrez en Madrid"]
[Source "lmi"]
[SourceDate "2012.08.01"]
[SourceVersion "1"]
[SourceVersionDate "2018.07.18"]
[SourceQuality "1"]

1. e4 g6 2. d4 d5 3. e5 Bf5 4. h4 h6 5. g4 Bd7 6. h5 c5 7. c3 e6 8. f4 Qb6 9.
Nf3 Ne7 10. Rh2 Nec6 11. Qd3 cxd4 12. cxd4 Na5 13. Nc3 Na6 14. b3 Rc8 15. Bd2
Ba3 16. Rb1 Bb4 17. Rc1 Ba3 18. Rb1 Bb4 19. Rc1 1/2-1/2

[Event "38. Open Ciutat de Badalona 2012"]
[Site "Badalona ESP"]
[Date "2012.08.04"]
[Round "4.10"]
[White "Gonzalez Garcia, Jose"]
[Black "Colon Garcia, Enrique"]
[Result "1/2-1/2"]
[WhiteElo "2532"]
[BlackElo "2339"]
[PlyCount "79"]
[EventDate "2012.08.01"]
[EventType "swiss"]
[EventRounds "9"]
[EventCountry "ESP"]
[SourceTitle "Ajedrez en Madrid"]
[Source "lmi"]
[SourceDate "2012.08.01"]
[SourceVersion "1"]
[SourceVersionDate "2018.07.18"]
[SourceQuality "1"]

1. Nf3 Nf6 2. c4 e6 3. g3 d5 4. Bg2 Be7 5. O-O O-O 6. b3 c5 7. Bb2 Nc6 8. e3 b6
9. Nc3 dxc4 10. bxc4 Bb7 11. Qe2 a6 12. Rfd1 Qc7 13. Rab1 Rfd8 14. Ba1 Rab8 15.
d3 Ba8 16. Ne1 Na7 17. Bxa8 Rxa8 18. g4 Rab8 19. g5 Ne8 20. Qg4 Nd6 21. h4 b5
22. h5 b4 23. Ne2 Nf5 24. Nf3 Nc6 25. e4 Nfd4 26. Bxd4 cxd4 27. g6 fxg6 28. Nf4
gxh5 29. Qxg7+ Kxg7 30. Nxe6+ Kh8 31. Nxc7 Rf8 32. Ne1 Rf7 33. Ne6 Bd6 34. Rb2
Rg8+ 35. Kh1 Ne5 36. f4 Ng4 37. Ng2 a5 38. Rc2 h4 39. Nxh4 Bxf4 40. Rf1 1/2-1/2

[Event "38. Open Ciutat de Badalona 2012"]
[Site "Badalona ESP"]
[Date "2012.08.05"]
[Round "5.3"]
[White "Obregon Rivero, Juan Carlos"]
[Black "Kiewra, Keaton F"]
[Result "0-1"]
[WhiteElo "2497"]
[BlackElo "2364"]
[PlyCount "188"]
[EventDate "2012.08.01"]
[EventType "swiss"]
[EventRounds "9"]
[EventCountry "ESP"]
[SourceTitle "Ajedrez en Madrid"]
[Source "lmi"]
[SourceDate "2012.08.01"]
[SourceVersion "1"]
[SourceVersionDate "2018.07.18"]
[SourceQuality "1"]

1. e4 c5 2. Nf3 d6 3. d4 Nf6 4. Nc3 cxd4 5. Nxd4 g6 6. Be3 Bg7 7. f3 O-O 8. Qd2
Nc6 9. Bc4 Bd7 10. h4 Rc8 11. Bb3 h5 12. O-O-O Ne5 13. Kb1 Re8 14. g4 hxg4 15.
h5 Nxh5 16. Bh6 e6 17. Rdg1 Qf6 18. Bxg7 Kxg7 19. fxg4 Qf4 20. Qg2 Nf6 21. g5
Nfg4 22. Rf1 Qxg5 23. Nf3 Qe7 24. Nxe5 Nxe5 25. Qf2 a6 26. Qb6 Bc6 27. Rh2 Rh8
28. Rhf2 Rh4 29. Qd4 f5 30. exf5 Rxd4 31. f6+ Kf7 32. fxe7+ Kxe7 33. Rh2 d5 34.
Re2 Nc4 35. Bxc4 dxc4 36. Rfe1 Rd6 37. Rh2 Rf8 38. a4 Rf7 39. a5 g5 40. Nd1 Rd4
41. Rh6 Re4 42. Rg1 Re5 43. Rg6 Bf3 44. Nc3 g4 45. b4 cxb3 46. cxb3 Rxa5 47.
Re1 Rf6 48. Rg7+ Kd6 49. Ne4+ Bxe4+ 50. Rxe4 Rb5 51. Rexg4 Rxb3+ 52. Kc2 Rb5
53. Rd4+ Kc6 54. Rdd7 Rf2+ 55. Kc3 Rfb2 56. Rd8 R2b3+ 57. Kc2 R3b4 58. Kc3 a5
59. Rc8+ Kb6 60. Re8 Rc5+ 61. Kd3 e5 62. Ra8 e4+ 63. Kd2 a4 64. Re7 Rh5 65. Kc3
Rhb5 66. Kd2 Rc4 67. Re6+ Kc5 68. Rc8+ Kb4 69. Rxc4+ Kxc4 70. Rxe4+ Kb3 71. Kc1
Rh5 72. Re3+ Kb4 73. Re4+ Ka5 74. Kb1 b5 75. Re8 Rh2 76. Re3 Rh4 77. Re2 a3 78.
Ka2 Ka4 79. Re8 Rh2+ 80. Kb1 b4 81. Re4 Rh3 82. Ka1 Kb3 83. Re1 Rd3 84. Rh1 Kc4
85. Rc1+ Rc3 86. Rh1 b3 87. Rh4+ Kb5 88. Kb1 Re3 89. Rh5+ Kc4 90. Rh1 Kc3 91.
Rd1 Re2 92. Ka1 Re5 93. Rb1 Kc2 94. Rh1 Kd2 0-1

[Event "38. Open Ciutat de Badalona 2012"]
[Site "Badalona ESP"]
[Date "2012.08.05"]
[Round "5.4"]
[White "Panelo, Marcelo"]
[Black "Roy Chowdhury, Saptarshi"]
[Result "0-1"]
[WhiteElo "2444"]
[BlackElo "2391"]
[PlyCount "94"]
[EventDate "2012.08.01"]
[EventType "swiss"]
[EventRounds "9"]
[EventCountry "ESP"]
[SourceTitle "Ajedrez en Madrid"]
[Source "lmi"]
[SourceDate "2012.08.01"]
[SourceVersion "1"]
[SourceVersionDate "2018.07.18"]
[SourceQuality "1"]

1. d4 Nf6 2. c4 c5 3. d5 e5 4. Nc3 d6 5. e4 Be7 6. g3 O-O 7. Bg2 Ne8 8. Nge2 g6
9. Bh6 Ng7 10. Qd2 Nd7 11. O-O Nf6 12. h3 Kh8 13. Rae1 Ng8 14. Be3 a6 15. a4 b6
16. f4 Rb8 17. Rf2 exf4 18. Nxf4 Bd7 19. Nd3 f6 20. b4 Qc8 21. bxc5 bxc5 22.
Kh2 Qc7 23. Qc2 f5 24. Bf4 fxe4 25. Nxe4 Bf5 26. g4 Bxe4 27. Rxe4 Bf6 28. Bg3
g5 29. Ree2 Bd4 30. Rxf8 Rxf8 31. Nf2 Nf6 32. Qc1 h6 33. Qb1 Re8 34. Rxe8+
Ngxe8 35. Ne4 Kg7 36. Nd2 Be5 37. Bxe5 dxe5 38. Qf5 e4+ 39. Kg1 e3 40. Nf3 Qf4
41. Qe6 Nd6 42. a5 Nfe4 43. Qe7+ Nf7 44. Qb7 Qf6 45. Qb1 Nd2 46. Nxd2 exd2 47.
Qd3 Qa1+ 0-1

[Event "38. Open Ciutat de Badalona 2012"]
[Site "Badalona ESP"]
[Date "2012.08.05"]
[Round "5.5"]
[White "Cordova, Emilio"]
[Black "Bykov, Alexey"]
[Result "0-1"]
[WhiteElo "2572"]
[BlackElo "2374"]
[PlyCount "141"]
[EventDate "2012.08.01"]
[EventType "swiss"]
[EventRounds "9"]
[EventCountry "ESP"]
[SourceTitle "Ajedrez en Madrid"]
[Source "lmi"]
[SourceDate "2012.08.01"]
[SourceVersion "1"]
[SourceVersionDate "2018.07.18"]
[SourceQuality "1"]

1. d4 Nf6 2. c4 g6 3. Nf3 Bg7 4. g3 d5 5. cxd5 Nxd5 6. Bg2 O-O 7. O-O Nb6 8.
Nc3 Nc6 9. e3 Re8 10. a3 Be6 11. Re1 a5 12. Ng5 Bc4 13. b3 Ba6 14. Nge4 e5 15.
d5 Ne7 16. Nc5 e4 17. Bd2 Nexd5 18. N5xe4 f5 19. Nxd5 fxe4 20. Nxb6 cxb6 21.
Rc1 Rc8 22. a4 Qd5 23. b4 Bc4 24. bxa5 bxa5 25. Bf1 Bb3 26. Qe2 Bxa4 27. Qc4
Bc6 28. Bxa5 Kh8 29. Bb6 Qxc4 30. Bxc4 Be5 31. Bf7 Rf8 32. Rc5 Rxf7 33. Rxe5
Re8 34. Ra5 Rd7 35. Bd4+ Kg8 36. Rc1 Kf7 37. g4 Rd5 38. Ra7 Ke6 39. h4 h5 40.
g5 Red8 41. Kf1 Kf5 42. Ke2 Kg4 43. Rh1 Bb5+ 44. Ke1 Ba6 45. f3+ Kxf3 46. Rh2
Kg3 47. Rf2 Kxh4 48. Rf4+ Kg3 49. Rxe4 Rxg5 50. Bf6 Rgd5 51. Bxd8 Rxd8 52. Re5
Rg8 53. Rg5+ Kf3 54. Ra5 h4 55. R7xa6 bxa6 56. Kf1 g5 57. e4 g4 58. Rxa6 h3 59.
e5 g3 60. Ra3+ Kf4 61. Ra4+ Kxe5 62. Rh4 g2+ 63. Kg1 Rg3 64. Rh8 Rf3 65. Re8+
Kd4 66. Rd8+ Ke3 67. Re8+ Kd2 68. Rd8+ Rd3 69. Rh8 Ke2 70. Re8+ Kd1 71. Rh8 0-1

[Event "38. Open Ciutat de Badalona 2012"]
[Site "Badalona ESP"]
[Date "2012.08.05"]
[Round "5.6"]
[White "Barrientos, Sergio E"]
[Black "Rodriguez Garcia, Victor"]
[Result "1-0"]
[WhiteElo "2500"]
[BlackElo "2383"]
[PlyCount "91"]
[EventDate "2012.08.01"]
[EventType "swiss"]
[EventRounds "9"]
[EventCountry "ESP"]
[SourceTitle "Ajedrez en Madrid"]
[Source "lmi"]
[SourceDate "2012.08.01"]
[SourceVersion "1"]
[SourceVersionDate "2018.07.18"]
[SourceQuality "1"]

1. e4 d6 2. d4 Nf6 3. f3 e5 4. Ne2 Be7 5. c4 O-O 6. Nbc3 c6 7. d5 Nh5 8. Be3 c5
9. Qd2 a6 10. g4 Bh4+ 11. Kd1 Nf4 12. Nxf4 exf4 13. Bxf4 Qe7 14. Be2 Nd7 15.
Bg3 Bf6 16. Ke1 Ne5 17. Kf2 g6 18. Kg2 Bg7 19. Rae1 Qd8 20. h3 f6 21. f4 Nf7
22. Rhf1 Bd7 23. a4 Qa5 24. Qc2 Rae8 25. Bd3 Qd8 26. Re2 Qc8 27. Kh2 Qd8 28.
Ref2 Bc8 29. Kh1 Qc7 30. Qd2 Qd8 31. Qd1 Qe7 32. Bh2 Qd8 33. h4 Qe7 34. Rg2 Kh8
35. Be2 Qd8 36. h5 gxh5 37. e5 hxg4 38. e6 Nh6 39. f5 Rg8 40. Ne4 Bf8 41. Qd2
b5 42. b3 Bb7 43. Bd3 Qa8 44. Nxf6 Qd8 45. Nxe8 Qxe8 46. f6 1-0